Statistical analysis: graphs and diagrams Rev Ed 20 (Record no. 152562)

MARC details
000 -LEADER
fixed length control field 00649nam a2200277Ia 4500
008 - FIXED-LENGTH DATA ELEMENTS--GENERAL INFORMATION
fixed length control field 210210b2013 xxu||||| |||| 00| 0 eng d
020 ## - INTERNATIONAL STANDARD BOOK NUMBER
International Standard Book Number 8179304752
041 ## - LANGUAGE CODE
Language code of text/sound track or separate title eng
082 ## - DEWEY DECIMAL CLASSIFICATION NUMBER
Classification number 519.5 NAIS
100 ## - MAIN ENTRY--PERSONAL NAME
Personal name NAIR (S Manikantan)
245 ## - TITLE STATEMENT
Title Statistical analysis: graphs and diagrams Rev Ed 20
250 ## - EDITION STATEMENT
Edition statement
260 ## - PUBLICATION, DISTRIBUTION, ETC.
Place of publication, distribution, etc. New Delhi
Name of publisher, distributor, etc. Spectrum Publishing House
Date of publication, distribution, etc. 2013
300 ## - PHYSICAL DESCRIPTION
Extent viii,531
650 ## - SUBJECT ADDED ENTRY--TOPICAL TERM
Topical term or geographic name entry element Statistical
650 ## - SUBJECT ADDED ENTRY--TOPICAL TERM
Topical term or geographic name entry element Rev
650 ## - SUBJECT ADDED ENTRY--TOPICAL TERM
Topical term or geographic name entry element graphs
650 ## - SUBJECT ADDED ENTRY--TOPICAL TERM
Topical term or geographic name entry element Ed
650 ## - SUBJECT ADDED ENTRY--TOPICAL TERM
Topical term or geographic name entry element diagrams
650 ## - SUBJECT ADDED ENTRY--TOPICAL TERM
Topical term or geographic name entry element and
650 ## - SUBJECT ADDED ENTRY--TOPICAL TERM
Topical term or geographic name entry element analysis:
650 ## - SUBJECT ADDED ENTRY--TOPICAL TERM
Topical term or geographic name entry element 20
690 ## - LOCAL SUBJECT ADDED ENTRY--TOPICAL TERM (OCLC, RLIN)
Topical term or geographic name as entry element Statistics
700 ## - ADDED ENTRY--PERSONAL NAME
Personal name GARG (Manjula)
906 ## - LOCAL DATA ELEMENT F, LDF (RLIN)
a 068451
Holdings
Withdrawn status Lost status Damaged status Not for loan Collection code Home library Current library Shelving location Date acquired Source of acquisition Cost, normal purchase price Total Checkouts Full call number Barcode Date last seen Price effective from Koha item type
          St Aloysius Library St Aloysius Library   02/17/2021 Sapna Book House Pvt Ltd, K S Rao Road, Mangalore-575001 240.00   519.5 NAIS 068451 02/17/2021 02/17/2021 Book